000 00573nam a2200241Ia 4500
003 OSt
005 20220924132123.0
006 a|||||r|||| 00| 0
007 ta
008 220923b |||||||| |||| 00| 0 san d
024 _a14838
037 _cTextual
040 _aARTS
_cARTS
_bsan
041 _2san
_asan
082 _aN821:KxK14, 15H0
100 _aRaghunatha
245 0 _aSangita Sudha
260 _c1940
300 _a347
_ccm.
650 _aARTS
942 _hN821:KxK14, 15H0
_cTEXL
_2CC
999 _c429327
_d429327